Pays par une seule indice #12 - Statistiques

Statistiques générales
  • Ce quiz a été pris 413 fois
  • Le résultat moyen est 13 sur 20
Statistiques - réponses
indice pays % Correct
Où trouver le Sphinx de Gizeh Égypte
98%
Messi et Maradona sont nés dans ce pays Argentine
96%
Menace souvent une attaque nucléaire aux États-Unis et dans d'autres pays Corée du Nord
88%
Dubaï est sa plus grande ville Émirats arabes unis
87%
Pays qui fabrique des poupées Matrioshka Russie
87%
Le plus grand pays insulaire de la mer des Caraïbes Cuba
85%
Sa capitale est Minsk Biélorussie
82%
Le fromage féta vient d'ici Grèce
81%
Emplacement de la capitale de l'Empire Inca Pérou
81%
Un pont relie ce pays à Singapour Malaisie
73%
Rovaniemi en Laponie est dans le nord du pays Finlande
72%
Pays asiatique qui se trouve à seulement 20 kilomètres de Djibouti Yémen
67%
Ces « états fédérés » se composent de 607 petites îles du Pacifique Micronésie
64%
Pays dont le roi accorde 5 des 6 Prix Nobel Suède
58%
La Cour internationale de justice est située ici Pays-Bas
49%
La Russie a envahi ce pays en 2008, saisissant la région de l'Ossétie du Sud Géorgie
48%
Accueil de Salto Ángel, la plus haute cascade du monde Venezuela
32%
Pays le plus pauvre de l'hémisphère occidental Haïti
24%
Sa capitale a accueilli les Jeux olympiques d'hiver de 1984 Bosnie-Herzégovine
14%
Le romancier Robert Louis Stevenson a vécu, est mort et a été enterré ici Samoa
5%
Aucun quiz correspondant
Distribution des résultats
% des personnes avec chaque résultat
Percentile par nombre de réponses
Votre historique - résultats
Vous n’avez pas pris ce quiz